[Event "Mundial Fide Femenino"]
[Site "?"]
[Date "2021.09.30"]
[Round "7.16"]
[White "Gomes, Mary Ann"]
[Black "Dauletova, Gulmira"]
[Result "1-0"]
[BlackElo "2184"]
[WhiteElo "2305"]
[LiveChessVersion "1.4.8"]

1. Nf3 {[%clk 0:45:11]} d5 {[%clk 0:45:12]} 2. g3 {[%clk 0:45:12]} c6
{[%clk 0:45:14]} 3. Bg2 {[%clk 0:45:18]} Bg4 {[%clk 0:45:16]} 4. c4
{[%clk 0:45:22]} e6 {[%clk 0:45:14]} 5. cxd5 {[%clk 0:45:23]} exd5
{[%clk 0:45:03]} 6. Qb3 {[%clk 0:45:18]} Qb6 {[%clk 0:44:17]} 7. Qc2
{[%clk 0:45:09]} Nf6 {[%clk 0:42:44]} 8. O-O {[%clk 0:45:16]} Nbd7
{[%clk 0:42:32]} 9. d3 {[%clk 0:45:12]} Bd6 {[%clk 0:39:24]} 10. Nc3
{[%clk 0:43:29]} O-O {[%clk 0:39:12]} 11. e4 {[%clk 0:43:16]} Rfe8
{[%clk 0:32:41]} 12. Be3 {[%clk 0:43:06]} Qa5 {[%clk 0:32:11]} 13. Nd2
{[%clk 0:41:14]} Bb4 {[%clk 0:27:47]} 14. h3 {[%clk 0:33:20]} Bxc3
{[%clk 0:26:41]} 15. bxc3 {[%clk 0:30:58]} Be6 {[%clk 0:25:52]} 16. f4
{[%clk 0:29:32]} dxe4 {[%clk 0:25:45]} 17. dxe4 {[%clk 0:29:40]} Nb6
{[%clk 0:24:53]} 18. Bd4 {[%clk 0:27:21]} Nfd7 {[%clk 0:22:24]} 19. Rfb1
{[%clk 0:21:10]} f6 {[%clk 0:21:29]} 20. a4 {[%clk 0:18:22]} Nc5 {[%clk 0:18:18]}
21. Rb4 {[%clk 0:13:49]} Nbd7 {[%clk 0:18:03]} 22. Bf2 {[%clk 0:07:32]} Qc7
{[%clk 0:17:48]} 23. Rab1 {[%clk 0:07:06]} Bf7 {[%clk 0:17:30]} 24. Nf1
{[%clk 0:05:44]} a5 {[%clk 0:14:41]} 25. Rd4 {[%clk 0:05:52]} Ne6
{[%clk 0:14:43]} 26. Rd2 {[%clk 0:05:56]} Nec5 {[%clk 0:14:47]} 27. Ne3
{[%clk 0:05:02]} g6 {[%clk 0:07:56]} 28. Ng4 {[%clk 0:04:32]} Kg7
{[%clk 0:07:51]} 29. e5 {[%clk 0:03:10]} fxe5 {[%clk 0:04:58]} 30. Nxe5
{[%clk 0:03:07]} Nxe5 {[%clk 0:04:44]} 31. Bxc5 {[%clk 0:03:15]} Nc4
{[%clk 0:04:44]} 32. Re2 {[%clk 0:03:12]} Rxe2 {[%clk 0:04:34]} 33. Qxe2
{[%clk 0:03:20]} Re8 {[%clk 0:04:42]} 34. Qf2 {[%clk 0:03:14]} Kg8
{[%clk 0:04:32]} 35. f5 {[%clk 0:02:47]} gxf5 {[%clk 0:02:01]} 36. Bd4
{[%clk 0:02:35]} Bg6 {[%clk 0:01:45]} 37. Rf1 {[%clk 0:02:20]} Rf8
{[%clk 0:01:20]} 38. Bf3 {[%clk 0:02:01]} Qf7 {[%clk 0:01:13]} 39. Bd1
{[%clk 0:01:39]} b5 {[%clk 0:00:37]} 40. Qg2 {[%clk 0:01:39]} Qe6
{[%clk 0:00:22]} 41. axb5 {[%clk 0:01:21]} cxb5 {[%clk 0:00:31]} 42. Bf3
{[%clk 0:01:25]} Bf7 {[%clk 0:00:34]} 43. g4 {[%clk 0:01:29]} f4 {[%clk 0:00:33]}
44. Qh2 {[%clk 0:00:44]} Qd6 {[%clk 0:00:23]} 45. Be4 {[%clk 0:00:24]} Be6
{[%clk 0:00:27]} 46. Qf2 {[%clk 0:00:25]} Qd7 {[%clk 0:00:23]} 47. Qh4
{[%clk 0:00:32]} Kf7 {[%clk 0:00:13]} 48. Qxh7+ {[%clk 0:00:34]} Ke8
{[%clk 0:00:23]} 49. Qh5+ {[%clk 0:00:33]} Bf7 {[%clk 0:00:27]} 50. Qc5
{[%clk 0:00:38]} Qd6 {[%clk 0:00:25]} 51. Qxb5+ {[%clk 0:00:45]} Kd8
{[%clk 0:00:29]} 52. Rd1 {[%clk 0:00:46]} Be8 {[%clk 0:00:18]} 53. Bb6+
{[%clk 0:00:35]} Ke7 {[%clk 0:00:13]} 54. Qg5+ {[%clk 0:00:43]} Qf6
{[%clk 0:00:22]} 55. Bc5+ {[%clk 0:00:43]} Nd6 {[%clk 0:00:13]} 56. Bxd6+
{[%clk 0:00:49]} Ke6 {[%clk 0:00:19]} 57. Qd5+ {[%clk 0:00:55]} Kxd5 1-0

[Event "Tie break"]
[Site "?"]
[Date "2021.09.30"]
[Round "1.1"]
[White "Danielian, Elina"]
[Black "Muzychuk, Anna"]
[Result "0-1"]
[BlackElo "2537"]
[WhiteElo "2358"]
[LiveChessVersion "1.4.8"]

1. d4 {[%clk 0:03:03]} Nf6 {[%clk 0:03:04]} 2. Bg5 {[%clk 0:03:04]} d5
{[%clk 0:03:04]} 3. Bxf6 {[%clk 0:03:02]} gxf6 {[%clk 0:03:05]} 4. e3
{[%clk 0:03:04]} c5 {[%clk 0:03:05]} 5. Nf3 {[%clk 0:02:57]} cxd4
{[%clk 0:02:59]} 6. exd4 {[%clk 0:02:56]} Nc6 {[%clk 0:02:50]} 7. c4
{[%clk 0:02:43]} dxc4 {[%clk 0:02:34]} 8. Bxc4 {[%clk 0:02:39]} Rg8 9. g3
{[%clk 0:02:14]} Bh3 {[%clk 0:01:32]} 10. Qb3 {[%clk 0:01:24]} e6 11. Nbd2 Qb6
{[%clk 0:01:24]} 12. Qxb6 {[%clk 0:00:32]} axb6 {[%clk 0:01:25]} 13. Ke2
{[%clk 0:00:14]} O-O-O {[%clk 0:01:23]} 14. Rac1 {[%clk 0:00:09]} Kb8
{[%clk 0:01:22]} 15. Nb3 {[%clk 0:00:08]} Bg4 {[%clk 0:01:15]} 16. a3
{[%clk 0:00:05]} Nxd4+ {[%clk 0:01:12]} 17. Nbxd4 {[%clk 0:00:06]} Rxd4
{[%clk 0:01:13]} 18. Rhd1 {[%clk 0:00:06]} Re4+ {[%clk 0:01:13]} 19. Kf1
{[%clk 0:00:03]} Bxf3 {[%clk 0:00:48]} 20. Rd8+ {[%clk 0:00:05]} Ka7
{[%clk 0:00:50]} 21. Bd3 {[%clk 0:00:05]} Re5 {[%clk 0:00:33]} 22. Rcc8
{[%clk 0:00:06]} b5 {[%clk 0:00:34]} 23. Bxh7 {[%clk 0:00:05]} Rh8
{[%clk 0:00:31]} 24. Bd3 {[%clk 0:00:04]} Rxh2 {[%clk 0:00:30]} 0-1

[Event "Tie break"]
[Site "?"]
[Date "2021.09.30"]
[Round "1.2"]
[White "Muzychuk, Mariya"]
[Black "Mkrtchian, Lilit"]
[Result "1-0"]
[BlackElo "2306"]
[WhiteElo "2496"]
[LiveChessVersion "1.4.8"]

1. d4 {[%clk 0:03:03]} e6 {[%clk 0:03:03]} 2. c4 {[%clk 0:03:04]} f5
{[%clk 0:03:04]} 3. g3 {[%clk 0:02:55]} Nf6 {[%clk 0:03:02]} 4. Bg2
{[%clk 0:02:56]} d5 {[%clk 0:02:59]} 5. Nf3 {[%clk 0:02:51]} c6 {[%clk 0:02:59]}
6. Qc2 {[%clk 0:02:49]} Bd6 {[%clk 0:02:52]} 7. O-O {[%clk 0:02:49]} O-O
{[%clk 0:02:49]} 8. b3 {[%clk 0:02:50]} Qe7 {[%clk 0:02:42]} 9. a4
{[%clk 0:02:43]} a5 {[%clk 0:02:38]} 10. Ba3 {[%clk 0:02:36]} Bxa3
{[%clk 0:02:32]} 11. Nxa3 {[%clk 0:02:38]} Ne4 {[%clk 0:02:17]} 12. Ne5
{[%clk 0:02:26]} Nd7 {[%clk 0:01:39]} 13. Nxd7 {[%clk 0:02:22]} Bxd7
{[%clk 0:01:40]} 14. f3 {[%clk 0:02:22]} Nf6 {[%clk 0:01:34]} 15. Qc3
{[%clk 0:01:46]} Be8 {[%clk 0:01:28]} 16. e3 {[%clk 0:01:39]} Bg6
{[%clk 0:01:23]} 17. Nc2 {[%clk 0:01:37]} Rfe8 {[%clk 0:01:11]} 18. c5
{[%clk 0:01:19]} Nd7 {[%clk 0:01:01]} 19. b4 {[%clk 0:01:18]} axb4 20. Nxb4 e5
{[%clk 0:00:55]} 21. Rfe1 {[%clk 0:01:16]} Qf6 {[%clk 0:00:42]} 22. a5
{[%clk 0:01:14]} exd4 {[%clk 0:00:28]} 23. exd4 {[%clk 0:01:14]} f4
{[%clk 0:00:29]} 24. Bh3 {[%clk 0:00:42]} Nf8 {[%clk 0:00:21]} 25. Kf2
{[%clk 0:00:38]} Bf5 {[%clk 0:00:15]} 26. Bxf5 {[%clk 0:00:36]} Qxf5
{[%clk 0:00:16]} 27. Nd3 {[%clk 0:00:34]} Qh3 {[%clk 0:00:11]} 28. gxf4
{[%clk 0:00:17]} Qxh2+ 29. Kf1 Qh1+ {[%clk 0:00:10]} 30. Kf2 {[%clk 0:00:21]}
Qh2+ 31. Kf1 {[%clk 0:00:22]} Qg3 {[%clk 0:00:09]} 32. Ne5 {[%clk 0:00:19]} Qxf4
{[%clk 0:00:08]} 33. Qe3 {[%clk 0:00:19]} Qh4 {[%clk 0:00:07]} 34. Qf2
{[%clk 0:00:17]} Qh3+ {[%clk 0:00:07]} 35. Qg2 {[%clk 0:00:18]} Qh4
{[%clk 0:00:06]} 36. Qf2 {[%clk 0:00:17]} Qf6 {[%clk 0:00:07]} 37. Reb1
{[%clk 0:00:16]} Re7 {[%clk 0:00:07]} 38. Rb6 {[%clk 0:00:15]} Ng6
{[%clk 0:00:07]} 39. a6 {[%clk 0:00:16]} Nxe5 {[%clk 0:00:06]} 40. dxe5
{[%clk 0:00:15]} Qxe5 {[%clk 0:00:07]} 41. Ra2 {[%clk 0:00:08]} bxa6
{[%clk 0:00:05]} 42. Rxc6 {[%clk 0:00:09]} Qc3 {[%clk 0:00:04]} 43. Kg2
{[%clk 0:00:04]} Rae8 {[%clk 0:00:05]} 44. Rcxa6 {[%clk 0:00:04]} Qf6
{[%clk 0:00:06]} 45. Rxf6 {[%clk 0:00:05]} gxf6 46. c6 Rg7+ {[%clk 0:00:07]} 47.
Kf1 {[%clk 0:00:08]} d4 {[%clk 0:00:07]} 48. Qxd4 {[%clk 0:00:09]} Rge7
{[%clk 0:00:09]} 49. Qg4+ {[%clk 0:00:10]} Kf7 {[%clk 0:00:10]} 50. Qh5+
{[%clk 0:00:11]} Ke6 {[%clk 0:00:11]} 51. Re2+ {[%clk 0:00:12]} Kd6
{[%clk 0:00:12]} 52. Rxe7 Rxe7 53. Qf5 {[%clk 0:00:12]} Kxc6 {[%clk 0:00:15]} 54.
Qxf6+ {[%clk 0:00:13]} Kd7 {[%clk 0:00:17]} 55. Kf2 {[%clk 0:00:14]} Ke8
{[%clk 0:00:18]} 56. Kg3 {[%clk 0:00:15]} Rf7 {[%clk 0:00:18]} 57. Qe6+ Kf8 58.
Kg4 {[%clk 0:00:17]} Rg7+ {[%clk 0:00:19]} 59. Kh5 {[%clk 0:00:16]} Rf7
{[%clk 0:00:19]} 60. Qe4 {[%clk 0:00:17]} Kg7 {[%clk 0:00:20]} 61. f4
{[%clk 0:00:18]} Rf6 {[%clk 0:00:22]} 62. Qe5 {[%clk 0:00:18]} Kf7
{[%clk 0:00:22]} 63. f5 {[%clk 0:00:19]} h6 64. Kg4 {[%clk 0:00:17]} Kg7
{[%clk 0:00:19]} 65. Qd4 {[%clk 0:00:16]} Kf7 {[%clk 0:00:18]} 66. Qd7+
{[%clk 0:00:17]} Kf8 {[%clk 0:00:19]} 67. Kf4 {[%clk 0:00:19]} Kg8
{[%clk 0:00:13]} 68. Ke5 {[%clk 0:00:20]} Rf7 {[%clk 0:00:10]} 69. Qd8+
{[%clk 0:00:21]} Kg7 {[%clk 0:00:11]} 70. f6+ {[%clk 0:00:20]} Kh7
{[%clk 0:00:09]} 71. Ke6 {[%clk 0:00:21]} Rb7 72. Qe7+ 1-0

[Event "Tie break"]
[Site "?"]
[Date "2021.09.30"]
[Round "1.3"]
[White "Sargsyan, Anna M."]
[Black "Osmak, Iulija"]
[Result "1-0"]
[BlackElo "2302"]
[WhiteElo "2283"]
[LiveChessVersion "1.4.8"]

1. e4 {[%clk 0:03:01]} e6 {[%clk 0:03:01]} 2. d3 {[%clk 0:03:02]} d5
{[%clk 0:03:01]} 3. Nd2 {[%clk 0:03:03]} Nc6 {[%clk 0:02:51]} 4. g3
{[%clk 0:03:04]} Nf6 {[%clk 0:02:46]} 5. Bg2 {[%clk 0:03:05]} Bc5
{[%clk 0:02:36]} 6. Ngf3 {[%clk 0:02:46]} dxe4 {[%clk 0:02:35]} 7. dxe4
{[%clk 0:02:38]} e5 {[%clk 0:02:34]} 8. O-O {[%clk 0:02:34]} O-O {[%clk 0:02:35]}
9. Qe2 {[%clk 0:02:05]} a5 {[%clk 0:02:25]} 10. Nb3 {[%clk 0:02:03]} Bb6
{[%clk 0:02:08]} 11. a4 {[%clk 0:02:04]} Qe7 {[%clk 0:01:50]} 12. Be3
{[%clk 0:01:44]} Bxe3 {[%clk 0:01:46]} 13. Qxe3 {[%clk 0:01:44]} b6
{[%clk 0:01:36]} 14. Rfe1 {[%clk 0:01:43]} Be6 {[%clk 0:01:32]} 15. Qc3
{[%clk 0:01:40]} Bd7 {[%clk 0:00:46]} 16. Nh4 {[%clk 0:01:06]} g6
{[%clk 0:00:47]} 17. Rad1 {[%clk 0:01:05]} Rad8 {[%clk 0:00:38]} 18. Nd2
{[%clk 0:01:03]} Qb4 {[%clk 0:00:33]} 19. Qf3 {[%clk 0:00:46]} Kg7
{[%clk 0:00:24]} 20. c3 {[%clk 0:00:47]} Qxa4 {[%clk 0:00:12]} 21. h3
{[%clk 0:00:48]} Be6 22. Nf1 {[%clk 0:00:48]} Rxd1 {[%clk 0:00:04]} 23. Rxd1
{[%clk 0:00:49]} Qb5 {[%clk 0:00:05]} 24. Ne3 {[%clk 0:00:43]} Qxb2
{[%clk 0:00:05]} 25. g4 {[%clk 0:00:43]} h6 {[%clk 0:00:06]} 26. Qg3
{[%clk 0:00:32]} Qxc3 {[%clk 0:00:06]} 27. Nef5+ gxf5 {[%clk 0:00:05]} 28. Qxc3
{[%clk 0:00:33]} Nd4 {[%clk 0:00:06]} 29. Rxd4 {[%clk 0:00:31]} exd4
{[%clk 0:00:07]} 30. Qxd4 {[%clk 0:00:32]} fxg4 {[%clk 0:00:08]} 31. hxg4
{[%clk 0:00:29]} c5 {[%clk 0:00:09]} 32. Qb2 {[%clk 0:00:23]} Bxg4
{[%clk 0:00:09]} 33. Qxb6 {[%clk 0:00:20]} a4 {[%clk 0:00:10]} 34. Qxc5
{[%clk 0:00:20]} Ra8 {[%clk 0:00:10]} 35. e5 {[%clk 0:00:21]} Nd7 36. Qd4
{[%clk 0:00:23]} Rb8 {[%clk 0:00:03]} 37. Qxg4+ 1-0

[Event "Tie break"]
[Site "?"]
[Date "2021.09.30"]
[Round "1.4"]
[White "Buksa, Nataliya"]
[Black "Gaboyan, Susanna"]
[Result "1-0"]
[BlackElo "2083"]
[WhiteElo "2184"]
[LiveChessVersion "1.4.8"]

1. e4 {[%clk 0:03:04]} c5 {[%clk 0:03:04]} 2. b3 {[%clk 0:03:05]} Nc6
{[%clk 0:03:04]} 3. Bb2 {[%clk 0:03:06]} d6 {[%clk 0:03:04]} 4. Nc3
{[%clk 0:02:59]} e5 {[%clk 0:02:56]} 5. Bb5 {[%clk 0:02:52]} Nge7
{[%clk 0:02:47]} 6. Nge2 {[%clk 0:02:46]} a6 {[%clk 0:02:43]} 7. Bc4
{[%clk 0:02:36]} b5 {[%clk 0:02:29]} 8. Bd5 {[%clk 0:02:37]} Nxd5
{[%clk 0:02:30]} 9. Nxd5 {[%clk 0:02:38]} Be7 {[%clk 0:02:23]} 10. c3
{[%clk 0:02:12]} O-O {[%clk 0:02:14]} 11. d4 {[%clk 0:02:06]} Be6
{[%clk 0:02:00]} 12. O-O {[%clk 0:02:01]} cxd4 {[%clk 0:01:43]} 13. cxd4
{[%clk 0:02:01]} Bxd5 {[%clk 0:01:40]} 14. exd5 {[%clk 0:02:01]} Nxd4
{[%clk 0:01:40]} 15. Nxd4 {[%clk 0:01:55]} exd4 {[%clk 0:01:41]} 16. Bxd4
{[%clk 0:01:56]} Bf6 {[%clk 0:01:42]} 17. Rc1 {[%clk 0:01:58]} Bxd4
{[%clk 0:01:13]} 18. Qxd4 {[%clk 0:01:58]} Rc8 {[%clk 0:01:10]} 19. Rc6
{[%clk 0:01:20]} Rxc6 {[%clk 0:00:39]} 20. dxc6 {[%clk 0:01:21]} Qc7
{[%clk 0:00:41]} 21. Rc1 {[%clk 0:01:18]} h6 {[%clk 0:00:36]} 22. h3
{[%clk 0:01:14]} Rc8 {[%clk 0:00:35]} 23. Qd5 {[%clk 0:01:07]} Qe7
{[%clk 0:00:29]} 24. Rd1 {[%clk 0:01:02]} Qc7 {[%clk 0:00:22]} 25. Rc1
{[%clk 0:01:03]} Qe7 {[%clk 0:00:23]} 26. a4 {[%clk 0:01:00]} Qe6
{[%clk 0:00:15]} 27. Qd3 {[%clk 0:00:57]} bxa4 {[%clk 0:00:07]} 28. bxa4
{[%clk 0:00:57]} a5 {[%clk 0:00:06]} 29. Qa6 {[%clk 0:00:56]} d5 {[%clk 0:00:05]}
30. Qxa5 {[%clk 0:00:54]} Kh7 {[%clk 0:00:04]} 31. Qc5 {[%clk 0:00:45]} d4
{[%clk 0:00:03]} 32. Qb5 {[%clk 0:00:32]} g6 {[%clk 0:00:04]} 33. a5
{[%clk 0:00:32]} d3 {[%clk 0:00:05]} 34. Qxd3 {[%clk 0:00:23]} Rxc6
{[%clk 0:00:05]} 35. Rxc6 {[%clk 0:00:20]} Qxc6 36. a6 {[%clk 0:00:21]} Qc1+
{[%clk 0:00:05]} 37. Kh2 {[%clk 0:00:22]} Qf4+ {[%clk 0:00:04]} 38. Kg1
{[%clk 0:00:22]} Qc1+ {[%clk 0:00:05]} 39. Qf1 {[%clk 0:00:23]} Qa3
{[%clk 0:00:05]} 40. Qc4 {[%clk 0:00:22]} Kg7 {[%clk 0:00:05]} 41. Qd4+
{[%clk 0:00:23]} Kh7 {[%clk 0:00:06]} 42. a7 {[%clk 0:00:24]} Qa6
{[%clk 0:00:05]} 43. g3 {[%clk 0:00:19]} h5 {[%clk 0:00:05]} 44. Qc5
{[%clk 0:00:16]} Kg7 {[%clk 0:00:04]} 45. Qc7 {[%clk 0:00:16]} Qa1+
{[%clk 0:00:03]} 46. Kg2 {[%clk 0:00:17]} Qd4 {[%clk 0:00:03]} 47. Qa5
{[%clk 0:00:10]} Qe4+ {[%clk 0:00:03]} 48. Kg1 {[%clk 0:00:10]} Qb1+
{[%clk 0:00:04]} 49. Kh2 {[%clk 0:00:11]} Qc2 {[%clk 0:00:05]} 50. a8=Q
{[%clk 0:00:09]} Qxf2+ {[%clk 0:00:03]} 51. Qg2 {[%clk 0:00:10]} 1-0